Territorios rurales: movimientos sociales y desarrollo territorial rural en América Latina

Uloženo v:
Podrobná bibliografie
Hlavní autor: Bengoa Cabello, José (Autor)
Médium: Kniha
Jazyk:španělština
Vydáno: Santiago Catalonia 2007
Vydání:1a. ed
Témata:
Tagy: Přidat tag
Žádné tagy, Buďte první, kdo vytvoří štítek k tomuto záznamu!

MARC

LEADER 00000cam a2200000 a 4500
001 UCI0645
003 CL-VaPUC
008 070518e20070000CL |||||||||||||||||spa|d
020 |a 9568303532 
082 0 4 |a 320.12  |b BEN  |2 21 
100 |a Bengoa Cabello, José  |e author  |9 603139 
245 1 0 |a Territorios rurales: movimientos sociales y desarrollo territorial rural en América Latina 
250 |a 1a. ed 
300 |a 613 p 
942 |c BK 
945 |d 20070518 00:00:00  |a jtorresc 
260 |a Santiago  |b Catalonia  |c 2007 
650 0 |a Ciencias Políticas  |9 255201 
650 0 |a Territorio  |9 378883 
650 0 |a Movimientos sociales  |9 315241 
650 0 |a Zonas rurales  |9 317366 
583 |a last modification  |c 20190705 09:23:57  |k Rodrigo Vera 
999 |c 325716  |d 325714 
952 |0 0  |1 0  |4 0  |6 320_120000000000000_BEN_2007  |7 0  |8 A  |9 406987  |a BIBHIS  |b BIBHIS  |d 2019-11-22  |i 4336747  |o 320.12 BEN 2007  |p 4336747  |r 2025-01-20  |w 2019-11-22  |y BK  |k HIS 
952 |0 0  |1 0  |4 0  |6 320_120000000000000_BEN_2007  |7 0  |8 A  |9 406988  |a BIBARQ  |b BIBARQ  |d 2019-11-22  |i 4513657  |o 320.12 BEN 2007  |p 4513657  |r 2025-01-20  |w 2019-11-22  |y BK  |k ARQ 
952 |0 0  |1 0  |3 erb  |4 0  |6 320_120000000000000_BEN_2007  |7 0  |8 A  |9 406989  |a BIBING  |b BIBING  |i 5291984  |o 320.12 BEN 2007  |p 5291984  |r 2025-01-20  |w 2019-11-22  |y BK  |z Catalogado en:20160616  |k GEO